[Event "Rhein Main op-A 15th"]
[Site "Bad Homburg"]
[Date "2012.06.07"]
[Round "2"]
[White "Hoelting, Siegfried"]
[Black "Goloborodko, Dimitri"]
[Result "0-1"]
[WhiteElo "1932"]
[BlackElo "2125"]
[PlyCount "74"]
[EventDate "2012.06.06"]
[EventType "swiss"]
[EventRounds "7"]
[EventCountry "GER"]
[SourceTitle "EXT 2013"]
[Source "ChessBase"]
[SourceDate "2012.11.22"]
[SourceVersion "1"]
[SourceVersionDate "2012.11.22"]
[SourceQuality "1"]

1. e4 e6 2. d4 d5 3. exd5 exd5 4. Nf3 Bd6 5. Bg5 Ne7 6. Bd3 Bg4 7. h3 Bh5 8. 0-0 Nbc6 9. c3 Qd7 10. Be2 f6 11. Bh4 0-0-0 12. Bg3 Bxg3 13. fxg3 Nf5 14. g4 Ne3 15. Qd3 Nxf1 16. gxh5 Ng3 17. Nh4 Nxe2+ 18. Qxe2 Rde8 19. Qf2 Re6 20. Nd2 Rhe8 21. Qf5 Re2 22. Qxd7+ Kxd7 23. Nhf3 Nd8 24. Kf1 Nf7 25. Re1 Rxe1+ 26. Nxe1 Ng5 27. Nd3 b6 28. Nf4 Kd6 29. a4 Ne4 30. Nf3 Ng3+ 31. Kf2 Nf5 32. Nd2 Ne3 33. Nd3 c5 34. dxc5+ bxc5 35. Kf3 Nd1 36. Nf1 c4 37. Nb4 a5 0-1

[Event "Rhein Main op-A 15th"]
[Site "Bad Homburg"]
[Date "2012.06.06"]
[Round "1"]
[White "Drill, Frank J"]
[Black "Hoelting, Siegfried"]
[Result "0-1"]
[WhiteElo "2134"]
[BlackElo "1932"]
[PlyCount "64"]
[EventDate "2012.06.06"]
[EventType "swiss"]
[EventRounds "7"]
[EventCountry "GER"]
[SourceTitle "EXT 2013"]
[Source "ChessBase"]
[SourceDate "2012.11.22"]
[SourceVersion "1"]
[SourceVersionDate "2012.11.22"]
[SourceQuality "1"]

1. d4 d5 2. e4 dxe4 3. Nc3 c6 4. Bc4 Nf6 5. f3 exf3 6. Nxf3 e6 7. Bg5 Be7 8. 0-0 Nbd7 9. Qe1 h6 10. Qh4 Nd5 11. Ne4 N7f6 12. c3 Nxe4 13. Bxe7 Qxe7 14. Qxe4 0-0 15. Rae1 f5 16. Qc2 b5 17. Bd3 Qd6 18. Ne5 Rf6 19. g4 f4 20. Bh7+ Kf8 21. Ng6+ Ke8 22. Qe4 Kd8 23. Ne5 Kc7 24. c4 Ne3 25. Rxf4 Nxc4 26. Ref1 Nd2 27. Qe1 Nxf1 28. Qa5+ Kb7 29. Nxc6 Rxf4 30. Nd8+ Kb8 31. Qxb5+ Kc7 32. Qa5+ Kd7 0-1

[Event "MVP-ch Seniors op 11th"]
[Site "Binz"]
[Date "2011.12.01"]
[Round "2.32"]
[White "Hoelting, Siegfried"]
[Black "Manthey, Juergen"]
[Result "1/2-1/2"]
[WhiteElo "1744"]
[BlackElo "1888"]
[PlyCount "107"]
[EventDate "2011.11.30"]
[EventType "swiss"]
[EventRounds "9"]
[EventCountry "GER"]
[SourceTitle "EXT 2013"]
[Source "ChessBase"]
[SourceDate "2012.11.22"]
[SourceVersion "1"]
[SourceVersionDate "2012.11.22"]
[SourceQuality "1"]

1. e4 c5 2. Nf3 Nc6 3. d4 cxd4 4. Nxd4 Nf6 5. Nc3 e5 6. Ndb5 d6 7. Nd5 Nxd5 8. Qxd5 Be6 9. Qd1 a6 10. Nc3 Be7 11. Be3 0-0 12. a3 Bg5 13. Qd2 Bxe3 14. Qxe3 Nd4 15. Bd3 Rc8 16. 0-0 f5 17. exf5 Bxf5 18. Rac1 Qh4 19. Ne4 Rc6 20. c3 Nb3 21. Rcd1 d5 22. Ng3 Rh6 23. Qxh6 Qxh6 24. Bxf5 d4 25. Be4 Qb6 26. Bd5+ Kh8 27. cxd4 Nxd4 28. b3 g6 29. Bc4 Rf4 30. Ne2 Nxe2+ 31. Bxe2 Qxb3 32. Rb1 Qc2 33. g3 Rf6 34. Bg4 b5 35. Bh3 Qa4 36. Ra1 Rf3 37. Rfe1 Rxa3 38. Rad1 e4 39. Rd8+ Kg7 40. Kg2 Rd3 41. Re8 Rd4 42. Rc1 Rc4 43. Re1 b4 44. Re7+ Kf8 45. Rxh7 Qc6 46. Bd7 Qd5 47. Bg4 Rc2 48. Rd1 Rd2 49. Rc1 Rxf2+ 50. Kg1 Kg8 51. Rd7 Qxd7 52. Bxd7 Rd2 53. Be6+ Kg7 54. Ra1 1/2-1/2